000 01351cam a2200361 i 4500
999 _c64802
_d64802
001 489374292
003 OCoLC
005 20190208103645.0
008 091216s2010 enk g b 001 0beng d
020 _a0281060452
020 _a9780281060450
040 _aYDXCP
_bspa
_cCO-MdFUSB
_dBWK
_dLNT
_dGZQ
_dOCLCA
_dUKMGB
_dOXF
_dOCLCO
_dOCLCQ
_dCHVBK
_dOCLCO
_dOCLCF
_dOCLCQ
_dUtOrBLW
_erda
041 _aeng
043 _ae-sz---
082 _224
_aG 230. 044092
_bM847s
100 1 _aMorgan, D. Densil.
_eautor
245 0 4 _aThe SPCK introduction to Karl Barth
_c/ D. Densil Morgan.
246 3 0 _aIntroduction to Karl Barth.
264 1 _aLondon :
_bSPCK,
_c℗2010
264 4 _c©2010
300 _axii, 116 páginas ;
_c22 cm.
336 _2rdacontent.
_atexto
_btxt
337 _2rdamedia.
_asin mediación
_bn
338 _2rdacarrier.
_avolumen
_bnc
490 _aThe SPCK Introduction to . . . series
501 _aIncluye índice (páginas 114- 116)
504 _aBibliografía (páginas 110- 113)
505 0 _aJoven Barth -- El pastor de Safenwil -- Gottingen y Munster -- Los años de Bonn -- La doctrina de la palabra de Dios -- La doctrina de Dios -- La doctrina de la creación -- La doctrina de la reconciliación.
600 1 0 _aBarth, Karl,
_d1886-1968.
650 7 _aTeólogos
_9233
942 _cBK